| 000 | 01038cam a22002175a 4500 | ||
|---|---|---|---|
| 001 | L158608 | ||
| 008 | 150513s2015 xxk f 000 0 eng d | ||
| 035 | _a(Sirsi) u158608 | ||
| 041 | 0 | _aeng | |
| 110 | 2 |
_aDeloitte _95633 |
|
| 245 | 0 | 0 |
_aPortfolio investment market _h[electronic resource] |
| 260 | _c2015 | ||
| 490 | 0 |
_aUK commercial property Market snapshot _vSpring 2015 |
|
| 520 | _aA market snapshot of the UK property portfolio investment market reveals that 2014 was a record year with demand at its highest level in eight years. Includes a sector by sector breakdown office, commercial and retail as well as mixed with examples of recent transactions in each sector. Forecasts how the market will perform in 2015-2016. | ||
| 590 | _aKA | ||
| 651 | 4 |
_aUnited Kingdom _y |
|
| 690 |
_aInvestments _96250 |
||
| 690 |
_aCommercial property _96227 |
||
| 856 | 4 | 0 |
_uhttps://www2.deloitte.com/uk/en/pages/real-estate/articles/portfolio-investment-market.html _zView the item free of charge from the www2.deloitte.com |
| 942 | _n0 | ||
| 999 |
_c115412 _d115412 |
||